Kluby małopolskie, Ekstraklasa, I, II, III liga - Statystyki

Ogólne statystyki
  • Ten quiz został rozwiązany 36 razy
  • Średni wynik to 7 z 11
Statystyki odpowiedzi
Liga Klub % Poprawnych
I liga Wisła Kraków
100%
Ekstraklasa Cracovia Kraków
97%
I liga Wieczysta Kraków
87%
II liga Hutnik Kraków
84%
I liga Puszcza Niepołomice
84%
Ekstraklasa Bruk-Bet Termalica Nieciecza
68%
II liga Podhale Nowy Targ
52%
III liga Wisła Kraków II
48%
III liga Cracovia Kraków II
42%
II liga Sandencja Nowy Sącz
23%
III liga Wiślanie Skawina
6%
Nie znaleziono quizów pasujących do podanych kryteriów
Rozkład punktacji
Procent ludzi z każdym wynikiem
Percentyl według liczby udzielonych odpowiedzi
Twoja historia wyników
Nie rozwiązałeś tego quizu